Elements of the theory of nonlinear oscillations, (Record no. 682)
[ view plain ]
| 000 -LEADER | |
|---|---|
| fixed length control field | 00297nam a22000977a 4500 |
| 005 - DATE AND TIME OF LATEST TRANSACTION | |
| control field | 20250901165229.0 |
| 008 - FIXED-LENGTH DATA ELEMENTS--GENERAL INFORMATION | |
| fixed length control field | 210224b ||||| |||| 00| 0 eng d |
| 050 ## - LIBRARY OF CONGRESS CALL NUMBER | |
| Classification number | QA935 .B88 |
| 245 ## - TITLE STATEMENT | |
| Title | Elements of the theory of nonlinear oscillations, |
| Statement of responsibility, etc. | BUTENIN, N.V. |
| 942 ## - ADDED ENTRY ELEMENTS (KOHA) | |
| Source of classification or shelving scheme | Library of Congress Classification |
| Classification part | QA935 .B88 1965 |
| Withdrawn status | Lost status | Source of classification or shelving scheme | Damaged status | Not for loan | Home library | Current library | Shelving location | Date acquired | Total checkouts | Full call number | Barcode | Date last seen | Price effective from | Koha item type |
|---|---|---|---|---|---|---|---|---|---|---|---|---|---|---|
| Library of Congress Classification | Main Library | Main Library | 02/24/2021 | QA935 .B88 1965 | PIU0190854 | 02/24/2021 | 02/24/2021 | Books |